Logo BPK

Biblioteka

Politechniki Koszalińskiej

The Thing about Joe Sullivan : (Rekord nr 47516)

Szczegóły MARC
000 -ETYKIETA REKORDU
podpole kontrolne o stałej długości 00410nam a2200157 i 4500
001 - NUMER KONTROLNY REKORDU
pole kontrolne bgj
040 ## - ŹRÓDŁO KATALOGOWANIA
Instytucja, która utworzyła rekord BPK
041 0# - KOD JĘZYKA
Kod języka tekstu eng
008 - POLE O STAŁEJ DŁUGOŚCI - DANE KONTROLNE
podpole kontrolne o stałej długości s uk f |000 0 eng
100 1# - NAZWA OSOBOWA
Nazwa osobowa FISHER, Roy
Daty związane z nazwą (1930- )
245 10 - TYTUŁ/ODPOWIEDZIALNOŚĆ
Tytuł The Thing about Joe Sullivan :
Ciąg dalszy tytułu poems 1971-1977 /
Pozostałe elementy strefy tytułu i oznaczenia odpowiedzialności Roy Fisher.
260 ## - STREFA ADRESU WYDAWNICZEGO
Miejsce wydania Manchester :
Nazwa wydawcy/dystrybutora Carcaner,
Data publikacji, dystrybucji/powstania dokumentu 1978.
300 ## - STREFA OPISU FIZYCZNEGO
Objętość 85 pp ;
Rozmiary 20 cm.
650 #9 - HASŁO PRZEDMIOTOWE W FORMIE NAZWY OGÓLNEJ LUB JEDNOSTKOWEJ
Nazwa ogólna lub geograficzna English poetry
856 ## - LOKALIZACJA I DOSTĘP DO ELEKTRONICZNYCH DOKUMENTÓW ZDALNYCH
Link (URL) http://koha.tu.koszalin.pl/cgi-bin/koha/opac-detail.pl?biblionumber=47516
Tekst linku Katalog online BPK
942 ## - DODATKOWE ELEMENTY (KOHA)
Typ dokumentu Książka
Egzemplarze
Wycofany Status egzemplarza Uszkodzony Dostępność Lokalizacja stała Lokalizacja bieżąca Miejsce przechowywania Sygnatura Kod kreskowy Typ dokumentu
      Dostępny Biblioteka Politechniki Koszalińskiej Biblioteka Politechniki Koszalińskiej Wypożyczalnia Językowa KA 3876 09023147 Książka
© 2023 Biblioteka Politechniki Koszalińskiej :: KOHA